00368nam a2200157 a 450000100060000000300090000600800410001502000150005604000280007108200100009910000130010924500250012226000320014730000080017965000230018713789CO-ViMGA141112s2004 ck r 000 u spa d a9580430225 aCO-ViMGAbspacCO-ViMGA04aDISbe1 aDisney, 10aLa Bella y la bestia aBarcelona : bNorma, c1995 a11114aCUENTOS INFANTILES